Cultural studies: theory and practice
Uloženo v:
| Hlavní autor: | |
|---|---|
| Médium: | Text |
| Vydáno: |
London:
Sage
|
| Témata: | |
| Tagy: |
Přidat tag
Žádné tagy, Buďte první, kdo vytvoří štítek k tomuto záznamu!
|
MARC
| LEADER | 00000 a a2200000 04500 | ||
|---|---|---|---|
| 001 | 30391 | ||
| 003 | |||
| 040 | |||
| 020 | |a 0-7619-5775-8 | ||
| 090 | |a 195000 | ||
| 100 | |a Barker, Chris | ||
| 245 | |a Cultural studies: theory and practice | ||
| 260 | |a London: |b Sage | ||
| 300 | |a 413 p. |b gráficas | ||
| 500 | |a Incluye Tabla de contenido de diagramas, índice temático y glosario de términos.Le faltan las págs. 384-385 en el glosarioIncluye Tabla de contenido de diagramas, índice temático y glosario de términos.Le faltan las págs. 384-385 en el glosario | ||
| 650 | |a ESTUDIOS CULTURALES | ||
| 650 | |a DISCURSOS | ||
| 650 | |a TEORIA CRITICA | ||
| 650 | |a PODER | ||
| 650 | |a HISTORIA | ||
| 650 | |a MARXISMO | ||
| 650 | |a MODERNIDAD | ||
| 650 | |a FEMINISMO | ||
| 650 | |a MEDIOS DE COMUNICACION DE MASAS | ||
| 650 | |a PSICOANALISIS | ||
| 650 | |a FILOSOFIA | ||
| 999 | |c 12845 |d 12845 | ||



